Countries whose Coastline is shorter than all its Borders - Statistics

General Stats
  • This quiz has been taken 430 times
  • The average score is 12 of 20
Answer Stats
C / M COUNTRY % Correct
9% Bosnia and Herzegovina
80%
11% Gambia
79%
17% Democratic Republic of the Congo
71%
44% Togo
71%
93% Monaco
70%
45% Benin
69%
46% Slovenia
66%
84% Republic of the Congo
62%
45% Belgium
61%
98% Ghana
58%
32% Iraq
58%
82% Cambodia
57%
76% Suriname
56%
77% Guyana
55%
97% Guinea
54%
99% Lithuania
54%
14% Jordan
49%
97% Côte d'Ivoire
45%
42% Brunei
43%
51% Romania
41%
No matching quizzes found
Score Distribution
Percent of People with Each Score
Percentile by Number Answered
Your Score History
You have not taken this quiz